O percente z daní rozhodujeme sami
Časové lehoty poukázania 1 percenta z dane 2002/2003. Miesto pôsobenia MVO, kam občan odovzdal 1 percento dane.
Salvato in:
| Autore principale: | |
|---|---|
| Natura: | Capitolo di libro |
| Lingua: | slovacco |
| Soggetti: | |
| Tags: |
Nessun Tag, puoi essere il primo ad aggiungerne!!
|
MARC
| LEADER | 00000naa a2200000 4500 | ||
|---|---|---|---|
| 001 | r047200 | ||
| 005 | 20230920080856.6 | ||
| 041 | 0 | |a slo | |
| 044 | |a SK | ||
| 245 | 1 | 0 | |a O percente z daní rozhodujeme sami |c Juraj Hrabko |
| 520 | |a Časové lehoty poukázania 1 percenta z dane 2002/2003. Miesto pôsobenia MVO, kam občan odovzdal 1 percento dane. | ||
| 610 | 2 | 0 | |a dane z príjmov |
| 610 | 2 | 0 | |a sadzby daňové |
| 610 | 2 | 0 | |a organizácie nefinančné |
| 610 | 2 | 0 | |a nadácie |
| 610 | 2 | 0 | |a osoby fyzické |
| 610 | 2 | 0 | |a Slovensko |
| 100 | 1 | |a Hrabko, Juraj | |